[Event "Druga liga Srbije grupa Vojvodina 2012"]
[Site "Kac"]
[Date "2012.10.20"]
[Round "10.1"]
[White "Kosic, Dragan"]
[Black "Stupavski, Zdenko"]
[Result "1/2-1/2"]
[WhiteElo "2509"]
[BlackElo "2407"]
[PlyCount "21"]
[EventDate "2012.10.14"]

1. d4 Nf6 2. c4 g6 3. Nc3 Bg7 4. e4 d6 5. Nf3 O-O 6. h3 c5 7. d5 e6 8. Bd3 exd5
9. exd5 Re8+ 10. Be3 a6 11. O-O 1/2-1/2

[Event "Druga liga Srbije grupa Vojvodina 2012"]
[Site "Kac"]
[Date "2012.10.20"]
[Round "10.2"]
[White "Indjic, Dusan"]
[Black "Leskur, Dejan"]
[Result "1/2-1/2"]
[WhiteElo "2287"]
[BlackElo "2376"]
[PlyCount "77"]
[EventDate "2012.10.14"]

1. d4 g6 2. c4 Bg7 3. Nc3 c5 4. d5 Nf6 5. e4 d6 6. Be2 O-O 7. Bg5 a6 8. a4 Qa5
9. Bd2 e6 10. Nf3 exd5 11. cxd5 Qc7 12. O-O Re8 13. Qc2 Bg4 14. Rfe1 Nbd7 15.
h3 Bxf3 16. Bxf3 c4 17. Be2 Rac8 18. a5 Nc5 19. Bxc4 Ncxe4 20. Nxe4 Nxe4 21.
Rxe4 Rxe4 22. Qxe4 Qxc4 23. Rc1 Qxe4 24. Rxc8+ Bf8 25. Bh6 Qe7 26. Kf1 f5 27.
g4 Kf7 28. Rxf8+ Qxf8 29. Bxf8 Kxf8 30. Kg2 Kf7 31. f4 Kf6 32. Kg3 fxg4 33.
hxg4 g5 34. Kf3 h6 35. Ke3 gxf4+ 36. Kxf4 Kg6 37. Ke4 Kg5 38. Kf3 Kg6 39. Ke4
1/2-1/2

[Event "Druga liga Srbije grupa Vojvodina 2012"]
[Site "Kac"]
[Date "2012.10.20"]
[Round "10.2"]
[White "Stanojevic, Branko"]
[Black "Torbica, Milos"]
[Result "1-0"]
[WhiteElo "2312"]
[BlackElo "2279"]
[PlyCount "69"]
[EventDate "2012.10.14"]

1. d4 Nf6 2. c4 c6 3. Nc3 d5 4. cxd5 cxd5 5. Bf4 Nc6 6. e3 a6 7. Bd3 e6 8. Nf3
Be7 9. h3 O-O 10. O-O Bd6 11. Bxd6 Qxd6 12. Na4 Rb8 13. Rc1 Re8 14. Qb3 b5 15.
Nc5 e5 16. dxe5 Nxe5 17. Be2 Nc4 18. Nd3 Qb6 19. Qc3 Nxe3 20. fxe3 Rxe3 21. Qd4
Bd7 22. Qxb6 Rxb6 23. Nd4 Re4 24. Rf4 Rd6 25. Rcf1 Kf8 26. Nc5 Re3 27. Bd3 Re8
28. Bxh7 b4 29. Bd3 a5 30. Nxd7+ Nxd7 31. Rxf7+ Kg8 32. Bb5 Rd8 33. Nc6 Ra8 34.
Ne7+ Kh7 35. Nf5 1-0

[Event "Druga liga Srbije grupa Vojvodina 2012"]
[Site "Kac"]
[Date "2012.10.20"]
[Round "10.2"]
[White "Desnica, Vladan"]
[Black "Kovacevic, Dragan"]
[Result "0-1"]
[WhiteElo "2236"]
[BlackElo "2216"]
[PlyCount "96"]
[EventDate "2012.10.14"]

1. d4 Nf6 2. c4 d6 3. Nf3 g6 4. Nc3 Bg7 5. e4 O-O 6. Be2 c6 7. O-O Nbd7 8. Be3
e5 9. d5 c5 10. Nd2 a6 11. a3 Qe7 12. b4 b6 13. Qc2 h5 14. f3 Nh7 15. Nb3 Bf6
16. Na4 Bg5 17. Bf2 Bh4 18. g3 Bg5 19. Bd3 h4 20. Nxb6 hxg3 21. hxg3 Nxb6 22.
bxc5 Na4 23. cxd6 Qxd6 24. c5 Qd8 25. Rab1 Bh3 26. Rfd1 Qf6 27. Be2 Bh6 28. Rd3
Rab8 29. Qc4 Ng5 30. Qxa4 Bg4 31. Qc6 Qxc6 32. dxc6 Be6 33. Rc3 f5 34. exf5
Bxf5 35. Rd1 Be6 36. Na5 Rb2 37. Kf1 e4 38. f4 Bh3+ 39. Ke1 Nf3+ 40. Rxf3 exf3
41. Bc4+ Kh7 42. Rd7+ Bxd7 43. cxd7 Bg7 44. Nc6 Bc3+ 45. Kd1 Rxf2 46. Ne5 Rd8
47. Kc1 Bb2+ 48. Kd1 Bxe5 0-1

[Event "Druga liga Srbije grupa Vojvodina 2012"]
[Site "Kac"]
[Date "2012.10.20"]
[Round "10.2"]
[White "Okilj, Tigran"]
[Black "Medar, Zeljko"]
[Result "1-0"]
[WhiteElo "2089"]
[BlackElo "2229"]
[PlyCount "107"]
[EventDate "2012.10.14"]

1. d4 d6 2. Nf3 Nf6 3. c4 h6 4. Nc3 Bf5 5. h3 c6 6. Qb3 Qb6 7. Bf4 Nbd7 8. e3
e6 9. Be2 Be7 10. O-O Bh7 11. Bh2 O-O 12. Rfd1 Qxb3 13. axb3 d5 14. Rdc1 Ne4
15. Nxe4 Bxe4 16. Nd2 Bg6 17. c5 a6 18. b4 Rfe8 19. Nb3 Bd8 20. b5 Nb8 21. b6
Re7 22. Na5 f6 23. Bd6 Rd7 24. Ra3 Bxb6 25. cxb6 Rxd6 26. Nxb7 Rd7 27. Nc5 Re7
28. Nxa6 Rb7 29. Nc5 Rxa3 30. bxa3 Rxb6 31. a4 Rb2 32. Bf1 Ra2 33. Rc3 Be8 34.
Nxe6 Rxa4 35. Bd3 Rb4 36. Ra3 Bf7 37. Nc5 g6 38. Ra7 f5 39. Kh2 Kg7 40. Ra8 Be8
41. Kg3 Kf6 42. Ra7 Rb2 43. h4 Bf7 44. Rc7 Be6 45. Rh7 h5 46. Rc7 Rb6 47. Be2
Rb1 48. Bd3 Rb2 49. Ra7 Rb6 50. f3 Rb2 51. Kf4 Rb4 52. g3 Rb2 53. e4 dxe4 54.
fxe4 1-0

[Event "Druga liga Srbije grupa Vojvodina 2012"]
[Site "Kac"]
[Date "2012.10.20"]
[Round "10.2"]
[White "Matijevic, Radovan"]
[Black "Skoko, Milan"]
[Result "0-1"]
[WhiteElo "2108"]
[BlackElo "2204"]
[PlyCount "69"]
[EventDate "2012.10.14"]

1. c3 e6 2. d4 f5 3. Nf3 Nf6 4. Bg5 Be7 5. Bxf6 Bxf6 6. e3 O-O 7. Nbd2 d5 8. g3
c6 9. h4 Bd7 10. Qb3 Qb6 11. c4 Be8 12. Be2 Nd7 13. Qc2 Qd8 14. Qb3 Qb6 15. Ng5
Bf7 16. f4 Rac8 17. c5 Qc7 18. Qc2 a5 19. g4 g6 20. Kf2 b6 21. Nxf7 Kxf7 22. h5
Rh8 23. cxb6 Qxb6 24. Rac1 Rb8 25. Bd3 c5 26. hxg6+ hxg6 27. gxf5 gxf5 28. Rxh8
Rxh8 29. dxc5 Qc7 30. Nf3 d4 31. Bxf5 dxe3+ 32. Ke2 Qxf4 33. Qe4 Qxf5 34. Qxe3
Ne5 35. Nxe5+ 0-1

[Event "Druga liga Srbije grupa Vojvodina 2012"]
[Site "Kac"]
[Date "2012.10.20"]
[Round "10.3"]
[White "Popov, Stevan"]
[Black "Galyas, Miklos"]
[Result "0-1"]
[WhiteElo "2204"]
[BlackElo "2423"]
[PlyCount "44"]
[EventDate "2012.10.14"]

1. e4 e6 2. b3 d5 3. Bb2 Nf6 4. exd5 exd5 5. h3 Bd6 6. Nf3 O-O 7. Be2 Re8 8.
O-O c5 9. d4 Nc6 10. c4 cxd4 11. Nxd4 Qe7 12. Nxc6 Qxe2 13. Bxf6 bxc6 14. Bd4
Qe4 15. c5 Bc7 16. Nc3 Qf4 17. g3 Qf5 18. h4 Qg6 19. Re1 Bh3 20. Kh2 Bd7 21.
Qf3 Bg4 22. Qg2 Qd3 0-1

[Event "Druga liga Srbije grupa Vojvodina 2012"]
[Site "Kac"]
[Date "2012.10.20"]
[Round "10.3"]
[White "Somborski, Nebojsa"]
[Black "Jovanovic, Milenko"]
[Result "1-0"]
[WhiteElo "2342"]
[BlackElo "2192"]
[PlyCount "57"]
[EventDate "2012.10.14"]

1. e4 e5 2. Nf3 Nc6 3. Bb5 a6 4. Ba4 Nf6 5. O-O Be7 6. Re1 b5 7. Bb3 d6 8. c3
O-O 9. h3 Na5 10. Bc2 c5 11. d4 Qc7 12. Nbd2 Bd7 13. Nf1 cxd4 14. cxd4 Nc6 15.
Ne3 Rfe8 16. Bb3 Bf8 17. Nd5 Nxd5 18. Bxd5 h6 19. Be3 Rac8 20. Qb3 Nd8 21. Rec1
Qa5 22. Rxc8 Bxc8 23. Qc2 Be6 24. Bxe6 Rxe6 25. a3 exd4 26. Nxd4 Re7 27. Rc1 b4
28. axb4 Qxb4 29. Qc8 1-0

[Event "Druga liga Srbije grupa Vojvodina 2012"]
[Site "Kac"]
[Date "2012.10.20"]
[Round "10.3"]
[White "Rajic, Dobrivoje"]
[Black "Vlahovic, Bogdan"]
[Result "0-1"]
[WhiteElo "2105"]
[BlackElo "2340"]
[PlyCount "64"]
[EventDate "2012.10.14"]

1. e4 Nf6 2. e5 Nd5 3. c4 Nb6 4. d4 d6 5. exd6 cxd6 6. b3 g6 7. Bb2 Bg7 8. Nf3
O-O 9. Be2 Nc6 10. O-O d5 11. Na3 Bg4 12. c5 Nd7 13. Nc2 Nxc5 14. Ne3 Bxf3 15.
Bxf3 Ne6 16. Bxd5 Nexd4 17. Rc1 Rc8 18. Bxd4 Bxd4 19. Qf3 Qd6 20. Rfd1 Ne5 21.
Qe4 Rxc1 22. Rxc1 Bxe3 23. fxe3 b6 24. b4 Kg7 25. Bb3 f6 26. Rd1 Qc7 27. h3 h5
28. Qd5 Kh6 29. Qd4 Qc6 30. Bd5 Qb5 31. Bb3 Rc8 32. g4 Nf3+ 0-1

[Event "Druga liga Srbije grupa Vojvodina 2012"]
[Site "Kac"]
[Date "2012.10.20"]
[Round "10.3"]
[White "Sekulic, Dusan"]
[Black "Kovacevic, Slavko"]
[Result "1-0"]
[WhiteElo "2304"]
[BlackElo "2187"]
[PlyCount "76"]
[EventDate "2012.10.14"]

1. d4 d5 2. Nf3 Nf6 3. c4 c6 4. e3 e6 5. Nbd2 Bd6 6. Bd3 Nbd7 7. O-O O-O 8. e4
dxe4 9. Nxe4 Nxe4 10. Bxe4 h6 11. Bc2 Nf6 12. Bd2 Re8 13. Bc3 b6 14. Re1 Bb7
15. Ne5 Qc7 16. Qd3 Rad8 17. Qh3 Nh7 18. f4 f6 19. Nd3 Nf8 20. Qg4 c5 21. dxc5
bxc5 22. Bxf6 Rd7 23. Re3 Rf7 24. Be5 Ree7 25. Rae1 Bc8 26. Rg3 Bxe5 27. Nxe5
Rf6 28. Qh4 Kh8 29. Rd1 Qa5 30. Nc6 Qc7 31. Nxe7 Qxe7 32. Re3 Qc7 33. f5 exf5
34. Re8 Bb7 35. Rdd8 Kg8 36. Qxf6 gxf6 37. Rxf8+ Kg7 38. Bxf5 Qe5 1-0

[Event "Druga liga Srbije grupa Vojvodina 2012"]
[Site "Kac"]
[Date "2012.10.20"]
[Round "10.3"]
[White "Lalic, Dragan"]
[Black "Radanovic, Borislav"]
[Result "1/2-1/2"]
[WhiteElo "2321"]
[BlackElo "2244"]
[PlyCount "87"]
[EventDate "2012.10.14"]

1. e4 d6 2. d4 g6 3. Nc3 Bg7 4. Be3 Nf6 5. f3 c6 6. Qd2 b5 7. Nge2 Nbd7 8. g4
Qa5 9. Ng3 b4 10. Nd1 c5 11. g5 Ng8 12. c3 bxc3 13. bxc3 Rb8 14. h4 h5 15. Be2
e6 16. O-O Ne7 17. dxc5 dxc5 18. f4 O-O 19. e5 Rd8 20. Qc2 Nf5 21. Nxf5 exf5
22. Nb2 Nb6 23. Nc4 Nxc4 24. Bxc4 Be6 25. Bxe6 fxe6 26. Rfd1 Bf8 27. c4 Qa3 28.
Qf2 Rd3 29. Rxd3 Qxd3 30. Rc1 a5 31. Qd2 Qe4 32. Kf2 Be7 33. Qc2 Qc6 34. Rb1
Rd8 35. Rd1 Rxd1 36. Qxd1 Kf7 37. a4 Qe4 38. Qb3 Qh1 39. Kg3 Qe1+ 40. Bf2 Qe2
41. Kg2 Qd2 42. Kf3 Qc1 43. Kg3 Qf1 44. Qc2 1/2-1/2

[Event "Druga liga Srbije grupa Vojvodina 2012"]
[Site "Kac"]
[Date "2012.10.20"]
[Round "10.4"]
[White "Sertic, Rudolf"]
[Black "Bodiroga, Predrag"]
[Result "1/2-1/2"]
[WhiteElo "2397"]
[BlackElo "2394"]
[PlyCount "26"]
[EventDate "2012.10.14"]

1. Nf3 d5 2. d4 Nf6 3. c4 e6 4. Nc3 c5 5. cxd5 Nxd5 6. e3 cxd4 7. exd4 Be7 8.
Bd3 Nc6 9. O-O O-O 10. Be4 Bf6 11. Qd3 h6 12. a3 Nxc3 13. bxc3 Bd7 1/2-1/2

[Event "Druga liga Srbije grupa Vojvodina 2012"]
[Site "Kac"]
[Date "2012.10.20"]
[Round "10.4"]
[White "Marcak, Dejan"]
[Black "Vajdic, Nikola"]
[Result "1/2-1/2"]
[WhiteElo "2152"]
[BlackElo "2290"]
[PlyCount "131"]
[EventDate "2012.10.14"]

1. e4 c5 2. d4 cxd4 3. c3 d3 4. Bxd3 Nc6 5. Nf3 d6 6. Bc4 e6 7. O-O Be7 8. Qe2
Qc7 9. Nbd2 Nf6 10. Rd1 O-O 11. Nf1 a6 12. a4 Bd7 13. Bd3 Rac8 14. b4 Ne5 15.
Nxe5 dxe5 16. Bb2 Rfd8 17. a5 Bc6 18. Ng3 Ne8 19. Bc1 Bb5 20. Bxb5 Rxd1+ 21.
Qxd1 axb5 22. Bd2 Qc6 23. Qe2 Nd6 24. Rd1 Ra8 25. h3 b6 26. axb6 Qxb6 27. Be3
Qc7 28. Bc5 Nc4 29. Bxe7 Qxe7 30. Nf1 Qb7 31. Nd2 Nb2 32. Rc1 g6 33. Nb3 Nc4
34. Nc5 Qc6 35. Re1 Kg7 36. Qf3 Ra7 37. g4 h6 38. h4 g5 39. hxg5 hxg5 40. Kg2
Qe8 41. Rh1 Qg8 42. Qh3 Kf8 43. Rd1 Ke7 44. Qf3 Qh8 45. Rh1 Qf6 46. Qe2 Qf4 47.
Nd3 Qf6 48. Nc5 Qf4 49. Rd1 Ra3 50. Rd3 Ra1 51. Rd1 Ra3 52. Rd3 Ra1 53. Rd1
Rxd1 54. Qxd1 Nd6 55. Qe2 Nc4 56. Nd3 Qf6 57. Qa2 Qh8 58. Qa7+ Kf6 59. Qc5 Qa8
60. f3 Qa1 61. Qxb5 Qxc3 62. Qd7 Qd2+ 63. Kg3 Nb2 64. Nc5 Qe1+ 65. Kg2 Qe2+ 66.
Kg3 1/2-1/2

[Event "Druga liga Srbije grupa Vojvodina 2012"]
[Site "Kac"]
[Date "2012.10.20"]
[Round "10.5"]
[White "Varga, Zoltan"]
[Black "Dumpor, Atif"]
[Result "1-0"]
[WhiteElo "2455"]
[BlackElo "2359"]
[PlyCount "155"]
[EventDate "2012.10.14"]

1. e4 e5 2. Nf3 Nc6 3. Bb5 a6 4. Ba4 Nf6 5. d3 d6 6. c4 Be7 7. h3 O-O 8. Be3
Bd7 9. Nc3 Nb8 10. Bxd7 Nbxd7 11. d4 c6 12. O-O b5 13. Qc2 b4 14. Na4 c5 15.
dxe5 dxe5 16. Rad1 Qc7 17. Bg5 Rfe8 18. Rd2 h6 19. Bxf6 Nxf6 20. Rfd1 Rad8 21.
Rxd8 Bxd8 22. b3 Be7 23. g3 Bf8 24. Nb2 Qc6 25. Re1 Bd6 26. Kg2 a5 27. Qe2 Re6
28. Qe3 Nd7 29. Qd3 Nb6 30. Nd1 a4 31. Ne3 Qa8 32. Nd5 Nc8 33. Qc2 Qa6 34. bxa4
Na7 35. a3 bxa3 36. Ra1 Nc6 37. Rxa3 Na5 38. Nd2 Re8 39. Ra1 Nc6 40. a5 Rb8 41.
Qa4 Rb2 42. Nf1 g6 43. Nfe3 Kg7 44. h4 h5 45. Nb6 Nd4 46. Ned5 Nb3 47. Qa3 Nxa1
48. Qxb2 Qxa5 49. Nc8 Bc7 50. Nce7 Bd6 51. Nc6 Qe1 52. Ne3 Kg8 53. Nxe5 Bxe5
54. Qxe5 Qc1 55. Qxc5 Nb3 56. Qd5 Qc3 57. Nd1 Qe1 58. e5 Kg7 59. Ne3 Qc3 60. e6
fxe6 61. Qxe6 Nd4 62. Qe7+ Kg8 63. Qf6 Qd3 64. Qd8+ Kg7 65. Qd7+ Kg8 66. Qd5+
Kg7 67. c5 Qc3 68. Nc4 Nc2 69. Qe5+ Qxe5 70. Nxe5 Nd4 71. c6 Nb5 72. Nf3 Kf6
73. Nd4 Na7 74. g4 Ke7 75. Kf3 Kd6 76. Ke4 Nc8 77. g5 Ke7 78. f4 1-0

[Event "Druga liga Srbije grupa Vojvodina 2012"]
[Site "Kac"]
[Date "2012.10.20"]
[Round "10.5"]
[White "Ratkovic, Milovan"]
[Black "Vidic, Stevan"]
[Result "0-1"]
[WhiteElo "2272"]
[BlackElo "2288"]
[PlyCount "99"]
[EventDate "2012.10.14"]

1. d4 d5 2. c4 e6 3. Nf3 Nf6 4. Nc3 Be7 5. cxd5 exd5 6. Bg5 O-O 7. e3 c6 8. Bd3
Nbd7 9. Qc2 Re8 10. O-O-O h6 11. Bf4 b5 12. g4 Qa5 13. g5 hxg5 14. Nxg5 Nf8 15.
Rhg1 b4 16. Na4 Ba6 17. Bxa6 Qxa6 18. Kb1 Ne4 19. Nxe4 dxe4 20. h4 Qb5 21. Nc5
Bxc5 22. dxc5 Re6 23. h5 Rae8 24. b3 f6 25. h6 g5 26. Bd6 Qb7 27. Qc4 Qf7 28.
Qxb4 Ng6 29. Qc4 Kh7 30. Rd4 Nh4 31. Rdd1 Nf3 32. Rh1 Qb7 33. Kb2 a5 34. Bg3 a4
35. Qxa4 f5 36. Rd6 Qf7 37. Qc4 f4 38. Rxe6 Rxe6 39. exf4 gxf4 40. Bh4 Qf5 41.
Bd8 Ne5 42. Qd4 Rxh6 43. Rxh6+ Kxh6 44. Bc7 Nd3+ 45. Kc3 Kh5 46. f3 Nxc5 47.
Bxf4 exf3 48. Kd2 f2 49. Ke2 Ne6 50. Kxf2 0-1

[Event "Druga liga Srbije grupa Vojvodina 2012"]
[Site "Kac"]
[Date "2012.10.20"]
[Round "10.5"]
[White "Marjanusic, Vladimir"]
[Black "Orlov, Konstantin"]
[Result "1-0"]
[WhiteElo "2266"]
[BlackElo "2247"]
[PlyCount "85"]
[EventDate "2012.10.14"]

1. e4 c5 2. Nf3 d6 3. d4 cxd4 4. Nxd4 Nf6 5. Nc3 a6 6. h3 e5 7. Nde2 Be7 8. g4
Be6 9. Bg2 Nc6 10. Be3 Rc8 11. Ng3 g6 12. O-O h5 13. g5 Nd7 14. h4 Nb6 15. Nd5
Nc4 16. Bc1 O-O 17. b3 Nb6 18. c4 Nd7 19. Be3 f6 20. Nxe7+ Qxe7 21. gxf6 Nxf6
22. Bg5 Qd7 23. Qd2 Bh3 24. Bxf6 Bxg2 25. Kxg2 Rxf6 26. Qg5 Qg7 27. Rad1 Rd8
28. c5 dxc5 29. Rd5 Qf7 30. f4 exf4 31. Nxh5 f3+ 32. Kf2 Re6 33. Rg1 Rxe4 34.
Qh6 Re2+ 35. Kf1 Re1+ 36. Kf2 Rxg1 37. Kxg1 f2+ 38. Kf1 Re8 39. Nf4 Re4 40. Rd6
Qxf4 41. Rxg6+ Kf7 42. Qh7+ Ke8 43. Rg8+ 1-0

[Event "Druga liga Srbije grupa Vojvodina 2012"]
[Site "Kac"]
[Date "2012.10.20"]
[Round "10.5"]
[White "Ratkovic, Miloje"]
[Black "Mamuzic, Mirko"]
[Result "1/2-1/2"]
[WhiteElo "2202"]
[BlackElo "2248"]
[PlyCount "68"]
[EventDate "2012.10.14"]

1. d4 b5 2. e4 Bb7 3. Bd3 e6 4. Nf3 a6 5. O-O Nf6 6. Qe2 Be7 7. c3 d6 8. a4 c6
9. Nbd2 Nbd7 10. Rd1 e5 11. Nf1 O-O 12. Ng3 Re8 13. Bc2 Qc7 14. Bb3 c5 15. Bc2
Rac8 16. dxe5 Nxe5 17. Nxe5 dxe5 18. axb5 axb5 19. Qxb5 c4 20. Be3 Rb8 21. Ra7
Qc8 22. Qa4 Ng4 23. Bb6 Bc5 24. Bxc5 Qxc5 25. Rf1 Bc6 26. Qa1 Rxb2 27. Qxb2
Qxa7 28. h3 Nf6 29. Qb4 Qa2 30. Bb1 Qb3 31. Qc5 Bd7 32. Qa5 Qa4 33. Qc5 Qb3 34.
Qa5 Qa4 1/2-1/2

[Event "Druga liga Srbije grupa Vojvodina 2012"]
[Site "Kac"]
[Date "2012.10.20"]
[Round "10.5"]
[White "Milurovic, Uros"]
[Black "Kostic, Branimir"]
[Result "1/2-1/2"]
[WhiteElo "2095"]
[BlackElo "2234"]
[PlyCount "51"]
[EventDate "2012.10.14"]

1. d4 Nf6 2. Nf3 e6 3. Bg5 d5 4. e3 Nbd7 5. Ne5 Be7 6. Bd3 Nxe5 7. dxe5 Nd7 8.
Bxe7 Qxe7 9. f4 b6 10. Nd2 Bb7 11. Qe2 f6 12. O-O fxe5 13. Qh5+ Qf7 14. Qxf7+
Kxf7 15. fxe5+ Ke7 16. Nf3 h6 17. Bg6 Rhf8 18. Rad1 c5 19. c3 Rad8 20. h4 Nb8
21. h5 a5 22. Rd2 Ba6 23. Re1 Rd7 24. Red1 Rdd8 25. Bc2 Rd7 26. Bg6 1/2-1/2

[Event "Druga liga Srbije grupa Vojvodina 2012"]
[Site "Kac"]
[Date "2012.10.20"]
[Round "10.5"]
[White "Milojevic, Dusan"]
[Black "Kaszas, Viktor"]
[Result "1-0"]
[WhiteElo "2188"]
[BlackElo "2027"]
[PlyCount "79"]
[EventDate "2012.10.14"]

1. e4 c5 2. Nf3 d6 3. d4 cxd4 4. Nxd4 Nf6 5. Nc3 a6 6. Bg5 e6 7. f4 Qb6 8. Qd2
Qxb2 9. Nb3 Qa3 10. Bd3 Be7 11. O-O Nc6 12. Rae1 O-O 13. e5 dxe5 14. fxe5 Nd7
15. Bf6 Nxf6 16. exf6 Bxf6 17. Rxf6 gxf6 18. Qh6 f5 19. Re3 f6 20. Rg3+ Kf7 21.
Be2 Ke7 22. Bh5 Bd7 23. Rg7+ Kd8 24. Qe3 Qb4 25. a3 f4 26. Qd2 Qb6+ 27. Kh1 Ne5
28. Qxf4 Rc8 29. Qd2 Qc7 30. Nd4 Qc4 31. Nce2 Rc7 32. Rg3 Qa2 33. h3 Kc8 34.
Qh6 Rd8 35. Qxf6 Nc6 36. Rd3 Qa1+ 37. Kh2 Nxd4 38. Nxd4 Ba4 39. Qxd8+ Kxd8 40.
Nb3+ 1-0

[Event "Druga liga Srbije grupa Vojvodina 2012"]
[Site "Kac"]
[Date "2012.10.20"]
[Round "10.6"]
[White "Onjin, Branko"]
[Black "Sipos, Istvan"]
[Result "0-1"]
[WhiteElo "2005"]
[BlackElo "2459"]
[PlyCount "84"]
[EventDate "2012.10.14"]

1. c4 e5 2. Nc3 Bb4 3. g3 Bxc3 4. bxc3 d6 5. Bg2 Ne7 6. Nf3 O-O 7. O-O Nbc6 8.
d3 f5 9. e3 Qe8 10. Ba3 b6 11. Nd2 Bd7 12. d4 Rd8 13. f4 e4 14. Re1 Na5 15. Bf1
Ba4 16. Qc1 c5 17. Be2 Kh8 18. Qb2 Qf7 19. Reb1 Ng8 20. Qc1 Nf6 21. h3 Rg8 22.
Qf1 Bc2 23. Rc1 Bd3 24. Bxd3 exd3 25. Qxd3 Ne4 26. Nxe4 fxe4 27. Qe2 Nxc4 28.
Bb2 Rc8 29. Rf1 Rc7 30. Kh2 Rgc8 31. Rac1 h6 32. Rfe1 b5 33. Kg2 a5 34. Kf2
cxd4 35. cxd4 b4 36. g4 a4 37. Kg3 a3 38. Ba1 d5 39. h4 Nd6 40. Rxc7 Qxc7 41.
g5 Qd7 42. Kh2 Nf5 0-1

[Event "Druga liga Srbije grupa Vojvodina 2012"]
[Site "Kac"]
[Date "2012.10.20"]
[Round "10.6"]
[White "Ivanovic, Miroslav"]
[Black "Banovic, Ivan"]
[Result "0-1"]
[WhiteElo "2104"]
[BlackElo "2148"]
[PlyCount "128"]
[EventDate "2012.10.14"]

1. Nf3 Nf6 2. g3 g6 3. b3 Bg7 4. Bb2 O-O 5. Bg2 d6 6. d4 c5 7. O-O cxd4 8. Nxd4
d5 9. Nd2 e5 10. Nb5 a6 11. Na3 Nc6 12. c4 d4 13. c5 Qe7 14. Nac4 Be6 15. Nd6
Qc7 16. N2c4 Nd7 17. Ba3 Rab8 18. Rc1 Na5 19. Qd2 Nxc4 20. Nxc4 Rfd8 21. Qa5
Rbc8 22. Qxc7 Rxc7 23. Bb4 Bxc4 24. Rxc4 Rdc8 25. Rfc1 Bf8 26. c6 bxc6 27. Bxf8
Kxf8 28. Rxc6 Rxc6 29. Rxc6 Rxc6 30. Bxc6 Nb8 31. Ba4 a5 32. g4 Na6 33. Bb5 Nb4
34. a3 Nc2 35. a4 h6 36. Kg2 Nb4 37. Kf3 Ke7 38. Ke4 Kd6 39. Bc4 f6 40. Bf7 g5
41. Bc4 Na2 42. Kf5 Ke7 43. Kg6 Nb4 44. Kxh6 e4 45. Kg6 d3 46. exd3 exd3 47.
Kf5 d2 48. Be2 Nd5 49. f4 Nxf4 50. Bf3 Nh3 51. Ke4 Nf2+ 52. Kd4 d1=Q+ 53. Bxd1
Nxd1 54. Kc4 Ne3+ 55. Kb5 Nxg4 56. h3 f5 57. Kxa5 Ne5 58. Kb6 g4 59. hxg4 fxg4
60. a5 g3 61. a6 g2 62. a7 g1=Q+ 63. Kb7 Qg2+ 64. Kb8 Nd7+ 0-1